000 00658nam a22001937a 4500
999 _c164961
_d164961
005 20190530163756.0
010 _aUR-10168
020 _c250.00
_a9789387829923
035 _aU-8723
037 _bDBAD/PUB
082 _aک
100 _aد يپک بد کی
245 _aز يبر ا کر سنگ پر کھڑ ا آ د می
_cد يپک بد کی
246 _bZebra Crossing Par Khara Aadmi (Urdu)
_aby Deepak Budki
260 _a Delhi
_bEducational Publishing House
_c2018 ء
270 _a3191،Vakil Street,Kucha Pandit,Lal Kuan,
_bDelhi
_e110006
_k23216162
_l00911123211540
300 _a200ص
_c22 Cm(B.b)
942 _2ddc
_cUR
_h ک
_mب د ک